000
00261nam a22001217a 4500
020
_a
978817693852-5
082
_a
823
_b
BPI
100
_a
BPI INDIA
245
_a
BEAUTY AND THE BEAST
260
_a
BPI INDIA
650
_a
ENGLISH SHORT STORY
_z
KERALA
942
_c
BK
999
_c
3498
_d
3498